Online
Catalog

La huella asiática en el poblamiento de Venezuela / (Record no. 10531)

MARC details
000 -CABECERA
campo de control de longitud fija 01119cam a2200289 a 4500
001 - NÚMERO DE CONTROL
campo de control 000010779
005 - FECHA Y HORA DE LA ÚLTIMA TRANSACCIÓN
campo de control 20200929162306.0
008 - DATOS DE LONGITUD FIJA--INFORMACIÓN GENERAL
campo de control de longitud fija 930505s1992 ve a 001 0 spa
020 ## - NÚMERO INTERNACIONAL ESTÁNDAR DEL LIBRO
Número Internacional Estándar del Libro 9802594970
035 ## - NÚMERO DE CONTROL DEL SISTEMA
Número de control de sistema (DLC) 93149450
040 ## - FUENTE DE LA CATALOGACIÓN
Centro catalogador/agencia de origen DO-SdBNP
Centro/agencia transcriptor DLC
Centro/agencia modificador BNPHU
082 ## - NÚMERO DE LA CLASIFICACIÓN DECIMAL DEWEY
Número de clasificación 305.8987
Número de documento/Ítem S228h
049 ## - FONDOS LOCALES (OCLC)
Fondos de biblioteca BNGR
100 1# - ENTRADA PRINCIPAL--NOMBRE DE PERSONA
Nombre de persona Sanoja, Mario.
9 (RLIN) 16154
245 13 - MENCIÓN DE TÍTULO
Título La huella asiática en el poblamiento de Venezuela /
Mención de responsabilidad, etc. Mario Sanoja Obediente, Iraida Vargas Arenas.
260 ## - PUBLICACIÓN, DISTRIBUCIÓN, ETC.
Lugar de publicación, distribución, etc. Caracas, (Venezuela) :
Nombre del editor, distribuidor, etc. Departamento de Asuntos Públicos de Lagoven ;
-- Filial de Petroleos de Venezuela,
Fecha de publicación, distribución, etc. 1992.
300 ## - DESCRIPCIÓN FÍSICA
Extensión 102 p. :
Otras características físicas i. ;
Dimensiones 21 cm.
490 1# - MENCIÓN DE SERIE
Mención de serie Cuadernos Lagoven
-- Medio milenio
500 ## - NOTA GENERAL
Nota general Incluye índice geográfico y onomástico.
504 ## - NOTA DE BIBLIOGRAFÍA, ETC.
Nota de bibliografía, etc. Incluye referencias Bibliográficas y notas al pie de las páginas.
504 ## - NOTA DE BIBLIOGRAFÍA, ETC.
Nota de bibliografía, etc. Bibliografías: p. 94-[97].
650 #4 - PUNTO DE ACCESO ADICIONAL DE MATERIA--TÉRMINO DE MATERIA
Término de materia o nombre geográfico como elemento de entrada Indigenas de venezuela
9 (RLIN) 26019
650 #4 - PUNTO DE ACCESO ADICIONAL DE MATERIA--TÉRMINO DE MATERIA
Término de materia o nombre geográfico como elemento de entrada Indigenas de venezuela
Subdivisión general Antigüedades
9 (RLIN) 26020
700 1# - PUNTO DE ACCESO ADICIONAL--NOMBRE DE PERSONA
Nombre de persona Vargas Arenas, Iraida.
9 (RLIN) 16157
830 #0 - PUNTO DE ACCESO ADICIONAL DE SERIE-TÍTULO UNIFORME
Título uniforme Cuadernos Lagoven,
Nombre de parte o sección de la obra Medio milenio
9 (RLIN) 6272
910 ## - DATOS DE OPCIÓN DEL USUARIO (OCLC)
Datos de opción del usuario Catalogación por copia / LC
Holdings
Estado de retiro Estado de pérdida Restricciones de uso No para préstamo Código de colección Localización permanente Ubicación/localización actual Ubicación en estantería Fecha de adquisición Número de inventario Total de préstamos Signatura topográfica completa Código de barras Fecha visto por última vez Precio válido a partir de Tipo de ítem Koha Número de copia
    Préstamo interno   Monografías: Libros y Folletos General General En catalogación 09.10.2009 LF1   305.8987 S228h 10779-10 25.06.2020 25.06.2020 Préstamo interno  
    Préstamo restringido Préstamo restrigido Monografías: Libros y Folletos General General En catalogación 09.10.2009 LF1   305.8987 S228h 10779-20 25.06.2020 25.06.2020 Préstamo interno e.2

Powered by Koha